000 01269cam a2200277 a 4500
001 2104778
005 20030819192920.0
008 960126s1997 enk |rb 001 0 eng
010 _a 96003299
020 _a0521552303
040 _aDLC
_cDLC
_dDLC
082 0 0 _a331.252
_220
_bECO
245 0 4 _aThe economics of pensions :
_bprinciples, policies, and international experience /
_cedited by Salvador Valdes-Prieto.
260 _aCambridge, United Kingdom ;
_aNew York :
_bCambridge University Press,
_c1997.
300 _axii, 377 p. ;
_c24 cm.
504 _aIncludes bibliographical references and index.
650 0 _aOld age pensions.
_928629
653 _bEco
_cFebruary2012
700 2 _aValdes Prieto, Salvador.
_928630
856 4 1 _3Sample text
_uhttp://www.loc.gov/catdir/samples/cam034/96003299.html
856 4 2 _3Publisher description
_uhttp://www.loc.gov/catdir/description/cam027/96003299.html
856 4 1 _3Table of contents
_uhttp://www.loc.gov/catdir/toc/cam026/96003299.html
942 _2ddc
_cBB
999 _c16390
_d16390